Statistics for The Most Random Stuff #6

Click here to take the quiz!

General Stats

  • This quiz has been taken 24 times
  • The average score is 8 of 20

Answer Stats

HintAnswer% Correct
The most common letterO
95%
Most commonly played instrumentPiano
73%
This country has the most dogsUSA
68%
Age of Queen Elizabeth96
64%
Most common favorite animalDog
59%
The Big Red DogClifford
55%
Rafa Nadal has this many Major tennis titles22
50%
This state has produced the most pro athletesTexas
45%
This MLB team has the most fansYankees
45%
This percent of people have a phone84%
36%
This country makes the most saltChina
36%
33rd President of the USAHarry S. Truman
32%
This country has the most bugsJapan
23%
Animal on the logo of Abercrombie & FitchMoose
23%
This retried NBA player has a sponsor ship with TacoBellCharles Barkley
18%
The University of Stanfords mascotTree
18%
First flavor of ice creamHoney
14%
What city is the Corn Palace inMitchell
14%
Patrick Beverly went to this collegeArkansas
9%
Jayson Tatum is from this citySt. Louis
9%

Score Distribution

Percentile by Number Answered

Percent of People with Each Score

Your Score History

You have not taken this quiz